01163nam a2200289Ia 4500001001200000003000800012006001900020007001500039008004100054020002200095040002100117035002000138050002800158082001800186100002000204245010000224260004400324300002400368504005100392533015200443650003900595650004100634655002900675700002600704710001700730856012600747ebr10169846CaPaEBRm u cr cn|||||||||030116s2003 ne a sb 001 0 eng d z0750658061 (pbk.) aCaPaEBRcCaPaEBR a(OCoLC)5563555214aTK5105.585b.R49 2003eb04a621.382122221 aReynders, Deon.10aPractical TCP/IP and Ethernet networkingh[electronic resource] /cDeon Reynders, Edwin Wright. aAmsterdam ;aLondon :bElsevier,c2003. axix, 306 p. :bill. aIncludes bibliographical references and index. aElectronic reproduction.bPalo Alto, Calif. :cebrary,d2009.nAvailable via World Wide Web.nAccess may be limited to ebrary affiliated libraries. 0aTCP/IP (Computer network protocol) 0aEthernet (Local area network system) 7aElectronic books.2local1 aWright, Edwin,cB.Sc.2 aebrary, Inc.40uhttp://site.ebrary.com/lib/rucke/Doc?id=10169846zAn electronic book accessible through the World Wide Web; click to view